000 00532nam a2200217Ia 4500
003 OSt
005 20220928144119.0
006 a|||||r|||| 00| 0
007 ta
008 220927b |||||||| |||| 00| 0 eng d
024 _a24361
037 _cTextual
040 _aSDCL
_cSDCL
_beng
041 _2eng
_aeng
082 _aQ11, 15L3
100 _aGriffith Ralph T H
_9482374
245 0 _aHymns of the Rgveda.
260 _c1973
942 _hQ11, 15L3
_cTEXL
_2CC
999 _c826275
_d826275